000 00711nam a22002057a 4500
005 20120726124151.0
010 _aG-002068
020 _aPA0820080
_c195.00
035 _aG-002068
037 _adpl
_bGift
082 _a921
100 _aSudan, K.K.
_950685
245 _aFace to face with destiny
_cby K.K. Sudan
260 _aDelhi
_bP & A Enterprises
_c2008
270 _a1580/G-1, Raj block, Naveen Shadara
_bDelhi
_e110032
300 _a228 p.
_c22 cm.
942 _2ddc
_cEN
_mSUD
_h921
999 _c68723
_d68723